000 00497nam a22001577a 4500
005 20260420145945.0
008 260420b |||||||| |||| 00| 0 eng d
020 _a978-9912-752-19-1
050 _aREF PL 8703 .K36 2025
100 _aSALLA, H.D
245 _aKAMUSI YA KISWAHILI- KIINGEREZA
260 _aDAR ES SALAAM,
_bMBIU PRESS,
_c2025.
300 _aXXXI, 604 P,
650 _a1.SWAHILI LANGUAGE- DICTIONARIES - ENGLISH 2. ENGLISH LANGUAGE - DICTIONARIES SWAHILI.
942 _2lcc
_cREF
999 _c217025
_d217025